书目信息 |
| 题名: |
中国原始社会史
|
|
| 作者: | 宋兆麟 著 | |
| 分册: | ||
| 出版信息: | 北京 文物出版社 1983 |
|
| 页数: | 499页 | |
| 开本: | 21cm | |
| 丛书名: | ||
| 单 册: | ||
| 中图分类: | K21 | |
| 科图分类: | ||
| 主题词: | 原始社会--中国 | |
| 电子资源: | ||
| ISBN: | ||
| 000 | 00626nam0 2200229 45 | |
| 001 | 0183003749 | |
| 005 | 20060425160740.26 | |
| 010 | @dCNY2.40 | |
| 091 | @a11068.1115 | |
| 100 | @a19950613d1983 em y0chiy0121 ea | |
| 101 | 0 | @achi |
| 102 | @aCN@b110000 | |
| 105 | @afc z 000yy | |
| 200 | 10 | @a中国原始社会史@Azhong guo yuan shi she hui shi@f宋兆麟等著@Fsong zhao lin deng zhu |
| 210 | @a北京@c文物出版社@d1983 | |
| 215 | @a499页@c图照@d21cm | |
| 606 | @a原始社会@y中国 | |
| 690 | @aK21@v3 | |
| 701 | 0 | @a宋兆麟@Asong zhao lin@4著 |
| 801 | 2 | @aCN@bNLC@c20060425 |
| 801 | 0 | @aCN@b上海图书馆@c20031217 |
| 905 | @dK21@e4 | |
| 中国原始社会史/宋兆麟等著.-北京:文物出版社,1983 |
| 499页:图照;21cm |
| ISBN :CNY2.40 |
| ● |
| 相关链接 |
|
|
|
|
正题名:中国原始社会史
索取号:K21/4
 
预约/预借
| 序号 | 登录号 | 条形码 | 馆藏地/架位号 | 状态 | 备注 |
| 1 | 0091562 | 001859616 | 密集书库/ [索取号:K21/4] | 在馆 | |
| 2 | 0091563 | 001276951 | 第二借阅区/ [索取号:K21/4] | 在馆 | |
| 3 | 0091564 | 001277120 | 第二借阅区/ [索取号:K21/4] | 在馆 | |
| 4 | 0091565 | 001858644 | 密集书库/ [索取号:K21/4] | 在馆 | |
| 5 | 0091566 | 001276933 | 第二借阅区/ [索取号:K21/4] | 在馆 | |
| 6 | 0091567 | 001858635 | 密集书库/ [索取号:K21/4] | 在馆 | |
| 7 | 0091568 | 000066653 | 第二样本阅览室/ [索取号:K21/4] | 在馆 | |
| 8 | 0091569 | 001276942 | 第二借阅区/ [索取号:K21/4] | 在馆 | |
| 9 | 0091570 | 202261033 | 密集书库/ [索取号:K21/4] | 在馆 | |
| 10 | 0091571 | 001859652 | 密集书库/ [索取号:K21/4] | 在馆 | |
| 11 | 0176944 | 001858653 | 密集书库/ [索取号:K21/4] | 在馆 | |
| 12 | 0176945 | 001858662 | 密集书库/ [索取号:K21/4] | 在馆 | |
| 13 | 0176946 | 001853989 | 密集书库/ [索取号:K21/4] | 在馆 | |
| 14 | 0176947 | 001853970 | 密集书库/ [索取号:K21/4] | 在馆 | |
| 15 | 0176948 | 001726421 | 密集书库/ [索取号:K21/4] | 在馆 |